000 01187nam a2200229Ia 4500
001 L200-55730
003 IT-CnALBA
008 170116s9999||||xx |||||||||||||| ||und||
040 _aIT-CnALBA
_cIT-CnALBA
041 _aFRANCESE
100 _aJOURNET CHARLES, CARDINALE
245 0 _aMONTINI, JOURNET, MARITAIN: UNE FAMILLE D'ESPRIT.
250 _a1a ed.
260 _a ROMA. VERONA
_bSTUDIUM EDITRICE
_c2000 [1° Ed.:2000 - Ed.Ling.Originale: 2000]
300 _a281 p. (prefazione: 12)
500 _aPROGRAMMA DI LAVORO. RELAZIONE MONTINI JOURNET MATITAIN. IL CONTADINO DELLA GAROLLA E LA LETTERA LUMEN ECCLESIAE DI PAOLO VI. MONTINI E MARITAIN DAI TRE RIFORMATORI A UMANESIMO INTEGRALE. MARITAIN MONTINI E L'ULTIMO PIO XI.
501 _aSocietà San Paolo EM - Piazza San Paolo, 14 - 12051 ALBA (CN) (non commercial uses only) ® Copyright 2017
520 _aPROGRAMMA DI LAVORO. RELAZIONE MONTINI JOURNET MATITAIN. IL CONTADINO DELLA GAROLLA E LA LETTERA LUMEN ECCLESIAE DI PAOLO VI. MONTINI E MARITAIN DAI TRE RIFORMATORI A UMANESIMO INTEGRALE. MARITAIN MONTINI E L'ULTIMO PIO XI.
650 _aRELIGIONE - RELIGIONE CRISTIANA
942 _cBK
957 _71
999 _a73230
_bNO
_g Copie: 1
_c314580
_d314580